Alice in wonderland / (Record no. 7826)
[ view plain ]
| 000 -LEADER | |
|---|---|
| fixed length control field | 01103nam a22002897a 4500 |
| 001 - CONTROL NUMBER | |
| control field | 7826 |
| 003 - CONTROL NUMBER IDENTIFIER | |
| control field | FISKH |
| 005 - DATE AND TIME OF LATEST TRANSACTION | |
| control field | 20250811135317.0 |
| 008 - FIXED-LENGTH DATA ELEMENTS--GENERAL INFORMATION | |
| fixed length control field | 250811b cb ||||| |||| 00| 0 eng d |
| 040 ## - CATALOGING SOURCE | |
| Original cataloging agency | FISKH |
| Language of cataloging | eng |
| Transcribing agency | FISKH |
| Modifying agency | FISKH |
| 050 ## - LIBRARY OF CONGRESS CALL NUMBER | |
| Classification number | PR4611.A72 S5 |
| 082 ## - DEWEY DECIMAL CLASSIFICATION NUMBER | |
| Classification number | 823.914 |
| 100 ## - MAIN ENTRY--PERSONAL NAME | |
| Personal name | Sims, Lesley |
| 245 ## - TITLE STATEMENT | |
| Title | Alice in wonderland / |
| Statement of responsibility, etc. | Lewis Carroll ; Adapted by Lesley Sims ; Illustrated by Mauro Evangelista |
| 250 ## - EDITION STATEMENT | |
| Edition statement | This edition first published in 2006 |
| 260 ## - PUBLICATION, DISTRIBUTION, ETC. | |
| Place of publication, distribution, etc. | London : |
| Name of publisher, distributor, etc. | Usborne, |
| Date of publication, distribution, etc. | 2006 |
| 300 ## - PHYSICAL DESCRIPTION | |
| Extent | 64 pages : |
| Other physical details | color illustrations ; |
| Dimensions | 20 cm |
| 505 ## - FORMATTED CONTENTS NOTE | |
| Formatted contents note | N<br/> |
| 520 ## - SUMMARY, ETC. | |
| Summary, etc. | An ordinary day becomes extraordinary when Alice follows the White Rabbit down a rabbit hole and finds herself in Wonderland. Join her as she meets one incredible character after another in this lively retelling of the classic quirky tale by Lewis Carroll.<br/> |
| 521 8# - TARGET AUDIENCE NOTE | |
| Target audience note | 530<br/> |
| Source | Lexile<br/> |
| 521 8# - TARGET AUDIENCE NOTE | |
| Target audience note | N<br/> |
| Source | Raz-Plus<br/> |
| 650 ## - SUBJECT ADDED ENTRY--TOPICAL TERM | |
| Source of heading or term | Usborne |
| Topical term or geographic name entry element | Leveled Readers |
| 650 ## - SUBJECT ADDED ENTRY--TOPICAL TERM | |
| Source of heading or term | Chapter Book A |
| Topical term or geographic name entry element | Beginning Level |
| 700 ## - ADDED ENTRY--PERSONAL NAME | |
| Personal name | Evangelista, Mauro |
| Dates associated with a name | illustrator |
| 942 ## - ADDED ENTRY ELEMENTS (KOHA) | |
| Source of classification or shelving scheme | Dewey Decimal Classification |
| Koha item type | Books |
| Suppress in OPAC | No |
| Withdrawn status | Lost status | Source of classification or shelving scheme | Damaged status | Not for loan | Collection | Home library | Current library | Shelving location | Date acquired | Total Checkouts | Full call number | Barcode | Date due | Date last seen | Date last checked out | Copy number | Price effective from | Koha item type |
|---|---|---|---|---|---|---|---|---|---|---|---|---|---|---|---|---|---|---|
| Dewey Decimal Classification | Juvenile Fiction | Footprints International School Library Network Toul Tom Poung Campus | Footprints International School Library Network Toul Kork Campus | TTP Primary Yellow Bookshelves | 08/11/2025 | 1 | SIM 823.914 PR4611.A72 S5 | 2025-4051 | 08/25/2025 | 08/11/2025 | 08/11/2025 | 1 | 08/11/2025 | Books |
